Strength and elasticity of structural members (Record no. 546634)
[ view plain ]
| 000 -LEADER | |
|---|---|
| fixed length control field | 00581cam a2200169Ki 4500 |
| 082 ## - DEWEY DECIMAL CLASSIFICATION NUMBER | |
| Classification number | 624.172 |
| Author Mark | WOO |
| -- | D |
| 100 1# - MAIN ENTRY--PERSONAL NAME | |
| Personal name | Woods, Richard John. |
| 9 (RLIN) | 42801 |
| 245 10 - TITLE STATEMENT | |
| Title | Strength and elasticity of structural members |
| Statement of responsibility, etc. | by R.J. Woods. |
| 250 ## - EDITION STATEMENT | |
| Edition statement | 2d ed., rev. |
| 260 ## - PUBLICATION, DISTRIBUTION, ETC. | |
| Place of publication, distribution, etc. | London : |
| Name of publisher, distributor, etc. | E. Arnold, |
| Date of publication, distribution, etc. | 1906. |
| 300 ## - PHYSICAL DESCRIPTION | |
| Extent | 1 online resource (xi, 315 p.) |
| 526 ## - STUDY PROGRAM INFORMATION NOTE | |
| Program name | 0 |
| Interest level | 0 |
| Reading level | 0 |
| Title point value | 624_172000000000000_WOO |
| 650 #0 - SUBJECT ADDED ENTRY--TOPICAL TERM | |
| Topical term or geographic name entry element | Strains and stresses. |
| 9 (RLIN) | 28238 |
| 650 #0 - SUBJECT ADDED ENTRY--TOPICAL TERM | |
| Topical term or geographic name entry element | Structural analysis (Engineering) |
| 9 (RLIN) | 654 |
| 856 40 - ELECTRONIC LOCATION AND ACCESS | |
| Uniform Resource Identifier | <a href="http://catalog.hathitrust.org/api/volumes/oclc/18434542.html">http://catalog.hathitrust.org/api/volumes/oclc/18434542.html</a> |
| 942 ## - ADDED ENTRY ELEMENTS (KOHA) | |
| Source of classification or shelving scheme | |
| Koha item type | Book |
| Withdrawn status | Lost status | Source of classification or shelving scheme | Damaged status | Not for loan | Permanent Location | Current Location | Date acquired | Total Checkouts | Full call number | Barcode | Date last seen | Price effective from | Koha item type |
|---|---|---|---|---|---|---|---|---|---|---|---|---|---|
| Military College of Engineering (MCE) | Military College of Engineering (MCE) | 06/17/2014 | 624.172 WOO | MCE-40720 | 06/17/2014 | 06/17/2014 | Book |
